000 00547nam a22001697a 4500
005 20231109123050.0
008 231109b |||||||| |||| 00| 0 eng d
041 _aAfrikaans
082 _a346.2 DEW
100 _ade Wet, JC en Yeats, JP
_lAfrikaans
245 _aDie Suid - Afrikaanse Kontraktereg en Handelsreg /
_cJC de Wet en JP Yeats
250 _aDerde Uitgawe
260 _aDurban :
_bButterworths,
_c1964
300 _blxix, 621 pages ;
_c25,5 cm.
650 _aLegal practice
_bLaw
942 _cBK
_6ALISON_BN_VRIES
999 _c476
_d476